[Event "Commonwealth-ch U10 Girls"]
[Site "New Delhi"]
[Date "2019.07.02"]
[Round "2.1"]
[White "Sneha, Halder"]
[Black "Srishanthi, G."]
[Result "0-1"]
[WhiteElo "1474"]
[BlackElo "1240"]
[PlyCount "80"]
[EventDate "2019.07.01"]
[EventType "swiss"]
[EventRounds "7"]
[EventCountry "IND"]
[SourceTitle "EXT 2024"]
[Source "ChessBase"]
[SourceDate "2023.10.10"]
[SourceVersion "1"]
[SourceVersionDate "2023.10.10"]
[SourceQuality "1"]

1. Nf3 Nf6 2. c4 g6 3. d4 Bg7 4. Nc3 d5 5. cxd5 Nxd5 6. Nxd5 Qxd5 7. e3 0-0 8. Bd2 c5 9. Bc3 Nc6 10. dxc5 Bxc3+ 11. bxc3 Qxc5 12. Qb3 Be6 13. Qb2 Ne5 14. Nxe5 Qxe5 15. Be2 Rac8 16. 0-0 b6 17. Qa3 Rc7 18. c4 Rfc8 19. Rac1 Qg5 20. Kh1 Bg4 21. f4 Qh4 22. Bd3 Rc5 23. g3 Qh3 24. Rf2 Rh5 25. Kg1 Bf3 26. Rxf3 Qxh2+ 27. Kf1 Ra5 28. Qc3 Rxa2 29. Rc2 Qh1+ 30. Ke2 Ra1 31. e4 Qd1+ 32. Ke3 Qg1+ 33. Rcf2 Re1+ 34. Be2 Rd8 35. f5 g5 36. e5 g4 37. Rf4 Qxg3+ 38. R4f3 gxf3 39. Qxe1 fxe2+ 40. Kxe2 Qd3# 0-1

[Event "Commonwealth-ch U10 Girls"]
[Site "Delhi"]
[Date "2018.06.27"]
[Round "2.2"]
[White "Srishanthi, G."]
[Black "Anupam, M Sreekumar"]
[Result "0-1"]
[WhiteElo "1107"]
[BlackElo "1376"]
[PlyCount "136"]
[EventDate "2018.06.26"]
[EventType "swiss"]
[EventRounds "7"]
[EventCountry "IND"]
[SourceTitle "EXT 2024"]
[Source "ChessBase"]
[SourceDate "2023.10.10"]
[SourceVersion "1"]
[SourceVersionDate "2023.10.10"]
[SourceQuality "1"]

1. e4 e5 2. Nf3 Nc6 3. Bb5 a6 4. Ba4 Nf6 5. d3 d6 6. c3 b5 7. Bb3 Be7 8. 0-0 0-0 9. Re1 Bg4 10. Nbd2 Na5 11. Bc2 c5 12. Nf1 Nc6 13. h3 Be6 14. Ng3 Re8 15. Bb3 Bf8 16. Ng5 h6 17. Nxe6 fxe6 18. Nh5 Na5 19. Bc2 d5 20. Nxf6+ Qxf6 21. Qg4 d4 22. cxd4 cxd4 23. Bd2 Nc6 24. Bb3 Nb4 25. Bxb4 Bxb4 26. Rec1 Kh8 27. Rc6 Rf8 28. Rf1 Rfe8 29. Bxe6 Rf8 30. Bd5 Qf4 31. Qg6 Ra7 32. a3 Be1 33. Rc2 Ba5 34. Qe6 Qf6 35. Rc8 Rxc8 36. Qxc8+ Qd8 37. Qe6 Bb6 38. Qxe5 Re7 39. Qf5 Bc7 40. Rc1 Re5 41. Qf7 Re7 42. Qg6 Qc8 43. Kf1 Qf8 44. Qxa6 Kh7 45. Qxb5 Qf4 46. Rd1 Qh2 47. Qc5 Bd6 48. Qxd4 Qh1+ 49. Ke2 Qxg2 50. Bg8+ Kxg8 51. Qxd6 Qg5 52. Rg1 Qh5+ 53. Kd2 Rf7 54. Qd5 Qxh3 55. Rc1 Qf3 56. Rf1 Qg2 57. Ke1 Qf3 58. e5 Qxd5 59. Kd2 Qxe5 60. Kc2 Qe2+ 61. Kc3 Rc7+ 62. Kd4 Qxf1 63. b4 Rd7+ 64. Kc5 Qxd3 65. b5 Qd4+ 66. Kc6 Qd5+ 67. Kb6 Rb7+ 68. Ka5 Qxb5# 0-1